The golden age of Danish painting / (Record no. 22553)

000 -LEADER
fixed length control field 01722cam a2200361 a 4500
001 - CONTROL NUMBER
control field 4887768
005 - DATE AND TIME OF LATEST TRANSACTION
control field 20170124115752.0
008 - FIXED-LENGTH DATA ELEMENTS--GENERAL INFORMATION
fixed length control field 930407s1993 nyua bc 001 0 eng
010 ## - LIBRARY OF CONGRESS CONTROL NUMBER
LC control number 93017552
020 ## - INTERNATIONAL STANDARD BOOK NUMBER
International Standard Book Number 155595085X (cloth) :
Terms of availability $65.00
020 ## - INTERNATIONAL STANDARD BOOK NUMBER
International Standard Book Number 1555950868 :
Terms of availability $45.00
043 ## - GEOGRAPHIC AREA CODE
Geographic area code e-dk---
050 00 - LIBRARY OF CONGRESS CALL NUMBER
Classification number ND717.5 .R65M66 1993
100 1# - MAIN ENTRY--PERSONAL NAME
Personal name Monrad, Kasper.
245 14 - TITLE STATEMENT
Title The golden age of Danish painting /
Statement of responsibility, etc. catalogue by Kasper Monrad ; essays by Philip Conisbee ... [et al.].
250 ## - EDITION STATEMENT
Edition statement 1st ed.
260 ## - PUBLICATION, DISTRIBUTION, ETC. (IMPRINT)
Place of publication, distribution, etc. New York :
Name of publisher, distributor, etc. Hudson Hills Press in association with Los Angeles County Museum of Art ;
Place of publication, distribution, etc. [Lanham, Md.]:
Name of publisher, distributor, etc. Distributed in the U.S. by National Book Network,
Date of publication, distribution, etc. c1993.
300 ## - PHYSICAL DESCRIPTION
Extent 237 p. :
Other physical details ill. (some col.) ;
Dimensions 31 cm.
500 ## - GENERAL NOTE
General note "Exhibition schedule: Los Angeles County Museum of Art, October 24, 1993-January 2, 1994; Metropolitan Museum of Art, New York, February 13-April 24, 1994"--T.p. verso.
504 ## - BIBLIOGRAPHY, ETC. NOTE
Bibliography, etc Includes bibliographical references (p. 223-231) and index.
650 #0 - SUBJECT ADDED ENTRY--TOPICAL TERM
Topical term or geographic name as entry element Painting, Danish
Chronological subdivision 19th century
Form subdivision Exhibitions.
650 #0 - SUBJECT ADDED ENTRY--TOPICAL TERM
Topical term or geographic name as entry element Romanticism in art
Form subdivision Exhibitions.
700 1# - ADDED ENTRY--PERSONAL NAME
Personal name Conisbee, Philip.
710 2# - ADDED ENTRY--CORPORATE NAME
Corporate name or jurisdiction name as entry element Los Angeles County Museum of Art.
710 2# - ADDED ENTRY--CORPORATE NAME
Corporate name or jurisdiction name as entry element Metropolitan Museum of Art (New York, N.Y.)
942 ## - ADDED ENTRY ELEMENTS (KOHA)
Source of classification or shelving scheme
Koha item type Hard Covered Materials
Holdings
Withdrawn status Lost status Source of classification or shelving scheme Damaged status Not for loan Home library Current library Shelving location Date acquired Source of acquisition Total Checkouts Full call number Barcode Date last seen Price effective from Koha item type
          MACHAKOS UNIVERSITY LIBRARY MACHAKOS UNIVERSITY LIBRARY Technical section 24/01/2017 Donation(BFA)   ND717.5 .R65M66 1993 31964 24/07/2018 24/01/2017 Hard Covered Materials
© Machakos University Library, Along The Highway, Machakos Wote Rd, Machakos, Kenya P.O. Box 136 - 90100 Machakos - Kenya

Tel: ( +254 ) 723 805829 OR Fax : 044-20353 OR Email: library@mksu.ac.ke